00473nam a2200157 a 450000100060000000300090000600800410001504000280005608200180008410000290010211000420013124500500017326000480022330000090027165000350028012782CO-ViMGA141112s2004 ck r 000 u spa d aCO-ViMGAbspacCO-ViMGA04a305.4986 M1771 aMartinez, Carreño Aida aDe la Academia Colombiana de Historia10aPresencia femenina en la Historia de Colombia aSantafé de Bogotá : bGuadalupe, c1997 a93p.14aMUJERES EN COLOMBIA - HISTORIA